000 00847nam a2200265Ia 4500
003 OSt
005 20220923215632.0
006 a|||||r|||| 00| 0
007 ta
008 220922b |||||||| |||| 00| 0 hin d
024 _a180,433
037 _cTextual
040 _aARTS
_cARTS
_bhin
041 _2hin
_ahin
082 _aO152,2x, L3
100 _aलक्ष्मी नारायण लाल
245 0 _aसात रंग एकांकी
246 _aSāt ranga ekāankī
250 _aसंस्क0 4
260 _aदिल्ली
_b राजकमल प्रकाशन
_c1973
300 _a192 पृ.
_ccm.
650 _aहिन्दी साहित्य
_9156264
942 _hO152,2x, L3
_cTEXL
_2CC
999 _c333811
_d333811